000
00309nam a2200133Ia 4500
008
190216s9999||||xx |||||||||||||| ||und||
100
_a
Softley. Tp
245
0
_a
Atomic Spectra
250
_a
1st Ed.
260
_b
Oxford University Press
_c
1996
300
_a
91
650
_a
Chemistry-Chemistry
942
_c
BK
999
_c
2981
_d
2981